[Event "Znojemska rotunda 2004"]
[Site "?"]
[Date "????.??.??"]
[Round "4"]
[White "Bilek, Martin"]
[Black "Urban, Vlastimil"]
[Result "0-1"]
[WhiteElo "2085"]
[BlackElo "1698"]
[PlyCount "72"]

1. f4 d5 2. Nf3 g6 3. e3 Bg7 4. Be2 c5 5. O-O Nc6 6. d3 Nh6 7. Qe1 O-O 8. h3 e5
9. fxe5 Nxe5 10. Nxe5 Bxe5 11. e4 Bg7 12. exd5 Qxd5 13. Nc3 Qd7 14. Ne4 Nf5 15.
Bg4 Qc6 16. Bxf5 Bxf5 17. Ng5 Rae8 18. Qh4 {(=)} 18... h6 19. Nf3 Re2 20. Bxh6
Bxh6 21. Qxh6 Rxc2 22. Rf2 {(=)} 22... Rxf2 23. Kxf2 Bxd3 24. Kg1 Qf6 25. Rd1
c4 26. Rd2 Re8 27. Kh2 b5 28. a3 a5 29. Kg3 b4 30. axb4 axb4 31. Kh2 Qd6+ 32.
Kg1 c3 33. bxc3 bxc3 34. Ng5 Re1+ 35. Kf2 Qf4+ 36. Kxe1 36... Qxd2# {Zapis p. B
ilka konci ve 33. tahu, pote byl zrejme v casovce, nebot na partiari ma
nasledujici tahy pouze odparafovany. Zapis pote nedoplnil, pouze dopsal :
"nekde mat". Je to od nej skutecne mile :-) .Roesner} 0-1

[Event "Znojemska rotunda 2004"]
[Site "?"]
[Date "????.??.??"]
[Round "4"]
[White "Pokorny, Jan"]
[Black "Vavrousek, Petr"]
[Result "0-1"]
[WhiteElo "1681"]
[BlackElo "1948"]
[PlyCount "70"]

1. e4 c5 2. Nf3 Nc6 3. d4 cxd4 4. Nxd4 g6 5. Be3 Bg7 6. Be2 Nf6 7. Nc3 O-O 8.
O-O d5 9. Nxc6 bxc6 10. exd5 Nxd5 11. Nxd5 cxd5 12. Rb1 Qa5 13. a3 Rb8 14. Qc1
Bf5 15. g4 Be6 16. c3 Rfc8 17. Qd1 d4 18. cxd4 Ba2 19. Rc1 Rd8 20. Rc5 Qb6 21.
b4 Bd5 22. f4 Qe6 23. Qd2 f5 24. g5 Rdc8 25. Bf3 Rxc5 26. dxc5 Bxf3 27. Rxf3
Qe4 28. Rf1 a5 29. Qa2+ Kf8 30. Kf2 axb4 31. axb4 Rxb4 32. Rd1 Rb2+ 33. Qxb2
Bxb2 34. Rd8+ Kf7 35. Rc8 Qb7 0-1

[Event "Znojemska rotunda 2004"]
[Site "?"]
[Date "????.??.??"]
[Round "4"]
[White "Talpa, Pavel"]
[Black "Havel, Vojtech"]
[Result "0-1"]
[WhiteElo "1892"]
[BlackElo "1441"]
[PlyCount "84"]

1. d4 d5 2. e3 Nf6 3. Bd3 Nc6 4. Bb5 Bd7 5. Nf3 e6 6. O-O Bd6 7. c4 a6 8. Bxc6
Bxc6 9. c5 Be7 10. Ne5 Bb5 11. Re1 Nd7 12. Nf3 O-O 13. a4 Bc6 14. Qc2 Qe8 15.
b4 b6 16. cxb6 Nxb6 17. a5 Nc4 18. Ba3 Rb8 19. Ne5 Bb5 20. Nxc4 Bxc4 21. Nd2
Bxb4 22. Nxc4 dxc4 23. Qxc4 Bxe1 24. Bxf8 Bxa5 25. Qxa6 Bc3 26. Bc5 Bxa1 27.
Qxa1 Qb5 28. g3 Qb1+ 29. Qxb1 Rxb1+ 30. Kg2 f5 31. Kf3 Rb2 32. h4 Kf7 33. Ba3
Rc2 34. Bb4 Kf6 35. Be1 e5 36. g4 fxg4+ 37. Kxg4 exd4 38. exd4 Rc4 39. f4 Rxd4
40. Bc3 c5 41. h5 Ke6 42. Kf3 Rd3+ 0-1

[Event "Znojemska rotunda 2004"]
[Site "?"]
[Date "????.??.??"]
[Round "4"]
[White "Malar, Josef"]
[Black "Adam, Petr st."]
[Result "0-1"]
[WhiteElo "1570"]
[BlackElo "2097"]
[PlyCount "66"]

1. Nf3 g6 2. g3 Bg7 3. Bg2 e5 4. d3 Nc6 5. Nbd2 d6 6. c4 f5 7. O-O Nf6 8. Qc2
O-O 9. Rb1 Kh8 10. b4 Qe7 11. a4 e4 12. Ne1 e3 13. Ndf3 exf2+ 14. Rxf2 Ng4 15.
Rf1 Nd4 16. Qd1 Nxe2+ 17. Kh1 Nc3 18. Bg5 Qxg5 19. Nxg5 Nxd1 20. Nc2 Nde3 21.
Nxe3 Nxe3 22. Rfe1 Nxg2 23. Kxg2 Bf6 24. Nf3 Bd7 25. a5 Rfe8 26. Kf2 Rxe1 27.
Rxe1 Re8 28. Rxe8+ Bxe8 29. Ne1 Bc3 30. Nc2 Ba4 31. Ne3 Bxb4 32. Nd5 Bxa5 33.
Kf3 Bc6 0-1

[Event "Znojemska rotunda 2004"]
[Site "?"]
[Date "????.??.??"]
[Round "4"]
[White "Jurica, Peter"]
[Black "Mlensky, Dalibor"]
[Result "1/2-1/2"]
[WhiteElo "2189"]
[BlackElo "2094"]
[PlyCount "40"]

1. Nf3 d5 2. d4 Nc6 3. g3 Bf5 4. Bg2 Nf6 5. O-O e6 6. c4 dxc4 7. Nc3 Nb4 8. Ne5
c6 9. e4 Bg6 10. Nxc4 Be7 11. a3 Na6 12. d5 exd5 13. exd5 Bh5 14. Qa4 Nc5 15.
Qb4 Nxd5 16. Nxd5 cxd5 17. Qb5+ Kf8 18. Ne3 a6 19. Qb4 Be2 20. Bxd5 Bxf1
1/2-1/2

[Event "Znojemska rotunda 2004"]
[Site "?"]
[Date "????.??.??"]
[Round "4"]
[White "Jadud, Otto"]
[Black "Skaroupka, Jiri"]
[Result "0-1"]
[WhiteElo "1974"]
[BlackElo "2128"]
[PlyCount "56"]

1. e4 c6 2. d4 d5 3. Nc3 dxe4 4. Nxe4 Bf5 5. Ng3 Bg6 6. h4 h6 7. Nf3 Nd7 8. h5
Bh7 9. Bd3 Bxd3 10. Qxd3 Qc7 11. Bd2 Ngf6 12. O-O-O e6 13. Rde1 O-O-O 14. Qb3
Bd6 15. Ne2 c5 16. c4 cxd4 17. Nfxd4 Nc5 18. Qc2 Be5 19. Be3 Ng4 20. b4 Nxe3
21. fxe3 Nd7 22. c5 Kb8 23. Qa4 Nb6 24. Qa5 Nd5 25. Qxc7+ {
Bily si k tomuto tahu do partiare pripsal otaznik.} 25... Kxc7 26. Nb5+ Kb8 27.
a3 a6 28. e4 28... Nf4 {Jeste si dovolim pripsat jeden drobny postreh. To vite,
mam poetickou naladu, prave posloucham nadhernou symfonii c.7 d moll op. 70
Antonina Dvoraka. I podle podpisu lze poznat, kdo je po partii spokojenejsi.
Zatimco Ottuv podpis se vesel na dve radky partiare, Jirka se rozsoupnul pres
sedm(!) radku. Zrejme to bude mit co do cineni s podvedomou reakci ve smyslu:
ja jsem vyhral, ty skrcku, a kdo je vic? Roesner} 0-1

[Event "Znojemska rotunda 2004"]
[Site "?"]
[Date "????.??.??"]
[Round "5"]
[White "Blazek, Milos"]
[Black "Dobes, Oldrich"]
[Result "1-0"]
[WhiteElo "2110"]
[BlackElo "2007"]
[PlyCount "41"]

1. e4 c5 2. Nf3 d6 3. d4 cxd4 4. Nxd4 Nf6 5. Nc3 a6 6. Be3 e6 7. Qd2 b5 8. f3
Bb7 9. O-O-O Nbd7 10. g4 Nb6 11. Qf2 Nfd7 12. h4 Rc8 13. g5 b4 14. Nb1 Na4 15.
h5 Be7 16. Qg2 d5 17. g6 Ndc5 18. h6 hxg6 19. hxg7 Rg8 20. f4 dxe4 21. Rh8 1-0

[Event "Znojemska rotunda 2004"]
[Site "?"]
[Date "????.??.??"]
[Round "5"]
[White "Mlensky, Dalibor"]
[Black "Voborny, David"]
[Result "1-0"]
[WhiteElo "1776"]
[BlackElo "2094"]
[PlyCount "179"]

1. e4 d5 2. exd5 Qxd5 3. Nc3 Qd8 4. d4 c6 5. Bf4 Nf6 6. Qd2 e6 7. a3 Bd6 8. Nf3
Bxf4 9. Qxf4 O-O 10. Bd3 Nbd7 11. Qh4 Re8 12. O-O-O Qa5 13. Ne4 Nxe4 14. Qxe4
Nf8 15. Ne5 Qd5 16. f4 Rd8 17. c3 Ng6 18. g3 Qxe4 19. Bxe4 Kf8 20. Rhf1 Bd7 21.
Rd2 Ke7 22. Nd3 Rac8 23. Re1 23... Kf8 {(=)} 24. Nc5 Rc7 25. b4 Bc8 26. Rf2 Ne7
27. Nb3 g6 28. Kb2 b6 29. a4 Ba6 30. a5 Bc4 31. Nd2 Bd5 32. axb6 axb6 33. Bc2
b5 34. Ra1 Rcc8 35. Rff1 Ra8 36. Bd3 Nf5 37. Rfe1 Nd6 38. Rec1 Ke7 39. Nb3 Be4
40. Bxe4 Nxe4 41. Rxa8 Rxa8 42. Na5 Kd7 43. Ra1 Kc7 44. Kc2 Nf2 45. Ra2 h5 46.
Kd2 Ne4+ 47. Kd3 f5 48. Rc2 Nd6 49. Re2 Ne4 50. Rc2 Nd6 51. Re2 Ne4 52. c4
bxc4+ 53. Kxc4 Nd6+ 54. Kb3 Nb5 55. Kc4 Nd6+ 56. Kd3 Kd7 57. Rc2 Ra6 58. Nb3
Ra3 59. Rc3 Ne4 60. Nc5+ Nxc5+ 61. dxc5 Ra1 62. Kc4 Rh1 63. h4 Re1 64. Rd3+ Kc7
65. Ra3 Re4+ 66. Kb3 Re3+ 67. Ka4 Re1 68. b5 cxb5+ 69. Kxb5 Rb1+ 70. Kc4 Rc1+
71. Kd4 Re1 72. Re3 Rd1+ 73. Ke5 Rd5+ 74. Kxe6 Rxc5 75. Kf6 Rc6+ 76. Re6 Rc3
77. Kxg6 Rxg3+ 78. Kxf5 Rg4 79. Rh6 Rxh4 80. Ke5 Kd7 81. f5 Rh1 82. Rh7+ Ke8
83. Ke6 Re1+ 84. Kf6 h4 85. Rxh4 Ra1 86. Re4+ Kf8 87. Re6 Ra7 88. Rb6 Rf7+ 89.
Ke6 Rh7 90. f6 1-0

[Event "Znojemska rotunda 2004"]
[Site "?"]
[Date "????.??.??"]
[Round "5"]
[White "Adam, Petr st."]
[Black "Jadud, Otto"]
[Result "0-1"]
[WhiteElo "2097"]
[BlackElo "1974"]
[PlyCount "80"]

1. c4 e5 2. e3 Nf6 3. Nc3 d5 4. cxd5 Nxd5 5. Nf3 Nc6 6. Bb5 Nxc3 7. bxc3 Bd6 8.
d4 exd4 9. cxd4 O-O 10. O-O Bg4 11. Be2 Kh8 12. Bb2 f5 13. d5 Bxf3 14. Bxf3 Ne5
15. Be2 f4 16. Qd4 Qg5 17. f3 Nd7 18. Qa4 Nb6 19. Qd4 Nxd5 20. h4 Qf6 21. e4
Qxd4+ 22. Bxd4 Ne3 23. Rfc1 Rac8 24. Rc3 c5 25. Rac1 b6 26. e5 Nf5 27. exd6
Nxd4 28. Ba6 Rcd8 29. Re1 Rxd6 30. Rcc1 Nf5 31. h5 Rd2 32. Rc4 Ne3 33. Re4
Rxg2+ 34. Kh1 Rxa2 35. Bb5 a6 36. Bd7 b5 37. Rg1 Rd2 38. Re7 Rd1 39. Rexg7
Rxg1+ 40. Rxg1 Rd8 0-1

[Event "Znojemska rotunda 2004"]
[Site "?"]
[Date "????.??.??"]
[Round "5"]
[White "Urban, Vlastimil"]
[Black "Havel, Vojtech"]
[Result "1-0"]
[WhiteElo "2085"]
[BlackElo "1441"]
[PlyCount "105"]

1. d4 d5 2. c4 e6 3. Nf3 Nf6 4. Bg5 Nbd7 5. e3 Bb4+ 6. Nc3 c6 7. Qc2 O-O 8. Be2
Qc7 9. O-O Re8 10. Rac1 b6 11. cxd5 exd5 12. Nb5 Qb7 13. Qxc6 Qxc6 14. Rxc6 Ba6
15. a3 Be7 16. Rfc1 Rab8 17. Rc7 Rb7 18. Rxb7 Bxb7 19. Nxa7 Bd6 20. Nb5 Bb8 21.
Nc3 Rc8 22. Bb5 Bc6 23. Ba6 Re8 24. Na2 Ba8 25. Bb5 Rf8 26. Bc6 Bd6 27. Bxf6
Nxf6 28. Bxa8 Rxa8 29. Rc6 Be7 30. Rxb6 Kf8 31. Ne5 Rc8 32. Kf1 Ke8 33. Nc6 Nd7
34. Nxe7 Nxb6 35. Nxc8 Nxc8 36. Nc3 Nb6 37. Ke2 Kd7 38. b3 Kc6 39. Na4 Nd7 40.
Kd3 Nf6 41. f3 Kd6 42. Nc5 Kc6 43. a4 Kb6 44. b4 Ne8 45. e4 dxe4+ 46. fxe4 Nd6
47. d5 f6 48. Kd4 Kc7 49. Ne6+ Kb6 50. Nxg7 Kb7 51. Nh5 Ne8 52. e5 fxe5+ 53.
Kxe5 1-0

[Event "Znojemska rotunda 2004"]
[Site "?"]
[Date "????.??.??"]
[Round "5"]
[White "Markovic, Ivan"]
[Black "Jurica, Peter"]
[Result "1/2-1/2"]
[WhiteElo "2223"]
[BlackElo "2189"]
[PlyCount "26"]

1. e4 Nf6 2. e5 Nd5 3. d4 d6 4. Bc4 c6 5. Qe2 Bf5 6. Bb3 e6 7. Nf3 Nd7 8. O-O
Be7 9. c4 Nb4 10. Rd1 d5 11. c5 O-O 12. a3 Na6 13. Nc3 Nc7 1/2-1/2

[Event "Znojemska rotunda 2004"]
[Site "?"]
[Date "????.??.??"]
[Round "5"]
[White "Skaroupka, Jiri"]
[Black "Kireev, Aleksei"]
[Result "0-1"]
[WhiteElo "2128"]
[BlackElo "2357"]
[PlyCount "74"]

1. d4 g6 2. c4 Bg7 3. Nc3 d6 4. e4 e5 5. Nf3 Nd7 6. Be2 c6 ({Vzdy uhledny
zapis IM Kireeva tentokrat obsahuje nekolik skrtancu. Mistr zrejme vzdy prvne
zapise tah do blanketu a az pote jej provede na sachovnici. Peskrtani vsak
neni natolik dukladne, aby mi to branilo ve vylusteni puvodniho zameru. Nyni
chtel mistr hrat} 6... Ngf6 {. Roesner}) 7. O-O Nh6 8. Bg5 f6 9. Bh4 O-O 10.
Qc2 g5 ({Puvodne bylo zamysleno} 10... Nf7) 11. Bg3 g4 12. Nh4 exd4 13. Nd1 Ne5
14. f4 gxf3 15. gxf3 f5 16. f4 Ng6 17. Nxg6 hxg6 18. Nf2 fxe4 19. Nxe4 Bf5 20.
Bd3 Ng4 21. Qd2 Ne3 22. Rfe1 d5 23. Ng5 dxc4 24. Rxe3 cxd3 25. Rxd3 Bxd3 26.
Qxd3 Rf5 27. Re1 Qd5 28. Re7 Bf6 ({Zde Moskvan preskrtl} 28... c5) 29. Rxb7 c5
30. Qb5 Bxg5 31. fxg5 Raf8 32. Rb8 d3 33. Rxf8+ Rxf8 34. Qa6 Qf5 35. Qc4+ Rf7 (
{Mistr puvodne zamyslel} 35... Kh7) 36. Qc1 d2 37. Qd1 Qf3 0-1

1

[Event "Znojemska rotunda 2004"]
[Site "?"]
[Date "????.??.??"]
[Round "5"]
[White "Vavrousek, Petr"]
[Black "Bilek, Martin"]
[Result "1-0"]
[WhiteElo "1948"]
[BlackElo "1698"]
[PlyCount "87"]

1. e4 d5 2. exd5 Qxd5 3. Nc3 Qa5 4. d4 Nf6 5. Nf3 Bg4 6. h3 Bh5 7. g4 Bg6 8.
Bd2 Qb6 9. Bc4 c6 10. Na4 Qc7 11. Nc5 e6 12. Nd3 Bd6 13. Qe2 Nbd7 14. Nh4 Nb6
15. Bb3 Be4 16. Nf3 O-O-O 17. g5 Bxd3 18. Qxd3 Nfd5 19. c4 Nb4 20. Qc3 Bf8 21.
O-O-O Na4 22. Qe3 Nb6 23. Ne5 f6 24. gxf6 gxf6 25. Ng4 Qf7 26. Bc3 26... Be7 {
Autor tohoto tahu k nemu sebekriticky pridava dva otazniky. A protoze mym
ukolem je prevest partiare do elektronicke podoby, delam tak i s poznamkami,
ktere do partiare uvedli i samotni hraci.Roesner} 27. Nh6 Qh5 28. Qxe6+ Rd7 29.
Nf5 29... Bd8 {Na tomto miste se na mne opet usmivaji dva otazniky} 30. Bxb4
Qf3 31. Bd6 Na8 32. Bg3 32... Nc7 {A do tretice dva otazniky. Jen mne napada,
proc ze to vlastne cerny davno nevzdal. Evidentne nema svuj den, seka hrubku
za hrubkou a vlastne uplne zbytecne zdrzuje sveho soupere (vcetne me
malickosti).} 33. Nd6+ Kb8 34. Qxd7 Be7 35. Qxe7 Qh5 36. Qxf6 Rg8 37. Bc2 Qa5
38. Kb1 Na6 39. Qf7 39... Qb4 {To uz je masochismus, co si vlastne cerny od
dalsiho prubehu partie slibuje? Hrani podobnych pozic hranici s nesportovnim
chovanim!} 40. Qxg8+ Kc7 41. Nb5+ Kb6 42. Qd8+ Nc7 43. Qxc7+ Ka6 44. Nd6 1-0

[Event "Znojemska rotunda 2004"]
[Site "?"]
[Date "????.??.??"]
[Round "5"]
[White "Dvorak, Libor"]
[Black "Vlk, Miroslav"]
[Result "1/2-1/2"]
[WhiteElo "2026"]
[BlackElo "2078"]
[PlyCount "59"]

1. Nf3 Nf6 2. c4 e6 3. g3 d5 4. Bg2 Be7 5. O-O O-O 6. b3 c5 7. e3 Nc6 8. Bb2 b6
9. d4 Bb7 10. Nc3 Rc8 11. Ne5 cxd4 12. exd4 dxc4 13. Nxc4 Qc7 14. d5 exd5 15.
Nxd5 Nxd5 16. Bxd5 Rfd8 17. Qg4 Bf8 18. Ne3 Ne7 19. Rac1 Qd7 20. Qxd7 Rxd7 21.
Bxb7 Rxb7 22. Rxc8 Nxc8 23. Rd1 Nd6 24. Be5 Ne4 25. Rd8 f6 26. f3 Nc5 27. Bd6
Ne6 28. Rc8 Rd7 29. Bxf8 Nxf8 30. Rc2 1/2-1/2

[Event "Znojemska rotunda 2004"]
[Site "?"]
[Date "????.??.??"]
[Round "5"]
[White "Holik, Jakub"]
[Black "Pokorny, Jan"]
[Result "0-1"]
[WhiteElo "1361"]
[BlackElo "1681"]
[PlyCount "100"]

1. d4 Nf6 2. c4 g6 3. Nc3 Bg7 4. Bg5 O-O 5. e4 d6 6. Nf3 Nbd7 7. Bd3 c6 8. O-O
a6 9. b3 b5 10. Qc2 Bb7 11. a4 b4 12. Ne2 a5 13. Nf4 Qb6 14. Rac1 c5 15. d5
Rae8 16. Rfe1 Ng4 17. h3 Nge5 18. Nxe5 Nxe5 19. Bh4 Bc8 20. Ne2 f6 21. f4 Nf7
22. Rf1 e6 23. Bg3 f5 24. Rce1 Nh6 25. e5 dxe5 26. fxe5 exd5 27. cxd5 c4+ 28.
Bf2 cxd3 29. Qxd3 Qa6 30. Qd2 Rxe5 31. Nf4 Rxe1 32. Rxe1 Bc3 33. Qc2 Bxe1 34.
Bxe1 Nf7 35. Bf2 Bd7 36. Qc7 Qc8 37. d6 Qxc7 38. dxc7 Ne5 39. Bb6 Nc6 40. Nd5
Be6 41. Ne3 Bxb3 42. Kf2 Be6 43. Nd1 h5 44. Nb2 g5 45. Nd3 b3 46. Be3 Rc8 47.
Bb6 h4 48. Be3 Rxc7 49. Bxg5 Nb4 50. Nb2 Rc2+ 0-1

[Event "Znojemska rotunda 2004"]
[Site "?"]
[Date "????.??.??"]
[Round "5"]
[White "Bastyr, Pavel"]
[Black "Malar, Josef"]
[Result "0-1"]
[WhiteElo "1543"]
[BlackElo "1570"]
[PlyCount "46"]

1. d4 Nf6 2. Bg5 e6 3. e4 Be7 4. Nc3 d5 5. e5 Ne4 6. Bxe7 Qxe7 7. Nxe4 dxe4 8.
Qg4 Qb4+ 9. c3 Qxb2 10. Rd1 Qxc3+ 11. Rd2 O-O 12. Ne2 Qa1+ 13. Rd1 Qxa2 14.
Qxe4 Qd5 15. Qg4 Nc6 16. h4 f6 17. h5 fxe5 18. Nc3 Qa5 19. Rd3 exd4 20. Rg3 Rf7
21. Kd1 dxc3 22. Kc2 Qa2+ 23. Kd3 Ne5+ 0-1

[Event "Znojemska rotunda 2004"]
[Site "?"]
[Date "????.??.??"]
[Round "6"]
[White "Vlk, Miroslav"]
[Black "Markovic, Ivan"]
[Result "1-0"]
[WhiteElo "2078"]
[BlackElo "2223"]
[PlyCount "75"]

1. d4 f5 2. c4 Nf6 3. Nc3 g6 4. Nf3 Bg7 5. g3 O-O 6. Bg2 d6 7. O-O Nc6 8. d5
Ne5 9. Nxe5 dxe5 10. e4 f4 11. gxf4 exf4 12. Bxf4 Nxe4 13. Nxe4 Rxf4 14. Qd2
Be5 15. Rae1 Qf8 16. b3 Qh6 17. Ng3 Qg7 18. Qe3 h5 19. Qxe5 Qxe5 20. Rxe5 h4
21. Ne2 Rf7 22. h3 Bd7 23. Nd4 a5 24. a4 Kh7 25. Rfe1 Re8 26. Ne6 Kh6 27. R1e2
Rf6 28. Nxc7 Rg8 29. Rxe7 Bf5 30. Kh2 g5 31. f3 Bd3 32. R2e6 Rgf8 33. Rxf6+
Rxf6 34. Re6 Kg6 35. Nb5 Rxe6 36. dxe6 Kf6 37. Nd6 Kxe6 38. Nxb7 1-0

[Event "Znojemska rotunda 2004"]
[Site "?"]
[Date "????.??.??"]
[Round "6"]
[White "Voborny, David"]
[Black "Dvorak, Libor"]
[Result "0-1"]
[WhiteElo "1776"]
[BlackElo "2026"]
[PlyCount "64"]

1. d4 Nf6 2. c4 c5 3. dxc5 e6 4. e3 Bxc5 5. Bd3 Nc6 6. Nf3 b6 7. O-O Bb7 8. a3
d5 9. b4 Be7 10. Bb2 Rc8 11. cxd5 Qxd5 12. Nc3 Qh5 13. Ne2 O-O 14. Ng3 Qd5 15.
Qe2 Qd6 16. Ng5 Ne5 17. Bxe5 Qxe5 18. f4 Qc3 19. e4 h6 20. Nf3 Rfd8 21. Rfd1 a5
22. e5 Nd5 23. Qe4 g6 24. Ne2 Qc7 25. bxa5 Nc3 26. Qe3 Bc5 27. Ned4 Nxd1 28.
Rxd1 Bxf3 29. Qxf3 Rxd4 30. Kh1 bxa5 31. h4 Rcd8 32. h5 g5 0-1

[Event "Znojemska rotunda 2004"]
[Site "?"]
[Date "????.??.??"]
[Round "6"]
[White "Vavrousek, Petr"]
[Black "Urban, Vlastimil"]
[Result "1-0"]
[WhiteElo "1948"]
[BlackElo "2085"]
[PlyCount "57"]

1. e4 e6 2. d4 d5 3. Nc3 Nf6 4. e5 Nfd7 5. Qg4 c5 6. Nf3 cxd4 7. Nxd4 Nxe5 8.
Qg3 f6 9. Bf4 Nbc6 10. Bb5 Kf7 11. Bxc6 Nxc6 12. Bc7 Qe7 13. Ndb5 Qb4 14. Bd6
Bxd6 15. Nxd6+ Kf8 16. O-O Ne5 17. Nxc8 Rxc8 18. Qh3 Kf7 19. a4 a6 20. Ra3 b6
21. Rb3 Qc5 22. Ne2 Ng6 23. Rc3 Qb4 24. Qe3 e5 25. Qd3 d4 26. Qe4 Ne7 27. Rd1
Qxb2 28. Rxc8 Rxc8 29. Rc1 {A vic nejsem schopen vylustit. Pan Vavrousek
partiar neodevzdal a kopie p. Urbana je od teto chvile necitelna (zrejme je na
vine znacna casova tisen). Roesner} 1-0

[Event "Znojemska rotunda 2004"]
[Site "?"]
[Date "????.??.??"]
[Round "6"]
[White "Jurica, Peter"]
[Black "Skaroupka, Jiri"]
[Result "1-0"]
[WhiteElo "2189"]
[BlackElo "2128"]
[PlyCount "69"]

1. Nf3 d5 2. d4 Nf6 3. g3 Bg4 4. Bg2 e6 5. O-O Nbd7 6. b3 Bd6 7. c4 c6 8. Bb2
Ne4 9. Ne5 Nxe5 10. dxe5 Bc5 11. cxd5 Nxf2 12. Rxf2 Qb6 13. Qf1 cxd5 14. Nc3
Rc8 15. Na4 Bxf2+ 16. Qxf2 Qxf2+ 17. Kxf2 Kd7 18. Bd4 Rc2 19. Bxa7 Bxe2 20. Kg1
b5 21. Nc5+ Kc7 22. Na6+ Kb7 23. Nb4 Rc7 24. Be3 Ka8 25. Kf2 Bg4 26. Bf1 Rb8
27. a4 Rc3 28. axb5+ Kb7 29. Ra7+ Kc8 30. b6 Bh5 31. Bb5 d4 32. Bxd4 Rf3+ 33.
Kg2 Rf5 34. Bd7+ Kd8 35. Nc6# 1-0

[Event "Znojemska rotunda 2004"]
[Site "?"]
[Date "????.??.??"]
[Round "6"]
[White "Pokorny, Jan"]
[Black "Bastyr, Pavel"]
[Result "1-0"]
[WhiteElo "1681"]
[BlackElo "1543"]
[PlyCount "51"]

1. e4 d5 2. exd5 Qxd5 3. Nc3 Qd8 4. g3 g6 5. Bg2 Bg7 6. Nge2 Bg4 7. Bxb7 Nd7 8.
O-O Rb8 9. Bg2 Ngf6 10. f3 Bf5 11. d3 e5 12. Ne4 O-O 13. c3 c5 14. b3 a5 15.
Be3 Qc7 16. Qc2 Rfc8 17. Rac1 Nd5 18. Bf2 Qc6 19. Qd2 Qa6 20. d4 exd4 21. cxd4
cxd4 22. Nxd4 Bxe4 23. fxe4 N5f6 24. Qe2 Qd6 25. Rfd1 Qe6 26. Nxe6 1-0

[Event "Znojemska rotunda 2004"]
[Site "?"]
[Date "????.??.??"]
[Round "6"]
[White "Kireev, Aleksei"]
[Black "Jadud, Otto"]
[Result "1-0"]
[WhiteElo "2358"]
[BlackElo "1974"]
[PlyCount "39"]

1. d4 Nf6 2. Bg5 Ne4 3. Bh4 d5 4. f3 Nd6 5. e3 Bf5 6. Nd2 c6 7. c4 dxc4 8. Nxc4
Nxc4 9. Bxc4 Qb6 10. Bb3 Nd7 11. Ne2 e5 12. O-O exd4 13. Nxd4 Bg6 14. f4 Be4
15. Nf3 f6 16. Ne5 fxe5 17. Bf7+ Kxf7 18. Qxd7+ Kg6 19. Qe6+ Kh5 20. Qxe5+ 1-0

[Event "Znojemska rotunda 2004"]
[Site "?"]
[Date "????.??.??"]
[Round "6"]
[White "Dobes, Oldrich"]
[Black "Adam, Petr st."]
[Result "1/2-1/2"]
[WhiteElo "2007"]
[BlackElo "2097"]
[PlyCount "43"]

1. e4 g6 2. d4 Bg7 3. Nf3 c6 4. Nc3 d5 5. h3 Nf6 6. Bd3 dxe4 7. Nxe4 Nxe4 8.
Bxe4 Nd7 9. c3 O-O 10. O-O c5 11. Be3 cxd4 12. Bxd4 e5 13. Be3 Nf6 14. Bc2 Qc7
15. Bb3 Bf5 16. Qe2 b6 17. Rfd1 Rad8 18. Rxd8 Rxd8 19. Rd1 Rxd1+ 20. Qxd1 Ne4
21. Ng5 Nxg5 22. Bxg5 1/2-1/2

[Event "Znojemska rotunda 2004"]
[Site "?"]
[Date "????.??.??"]
[Round "6"]
[White "Havel, Vojtech"]
[Black "Malar, Josef"]
[Result "1-0"]
[WhiteElo "1441"]
[BlackElo "1570"]
[PlyCount "33"]

1. d4 Nf6 2. c4 e6 3. Nf3 d5 4. Nc3 Bb4 5. Bg5 h6 6. Bh4 b6 7. Qa4+ Nc6 8.
Qxc6+ Bd7 9. Qb7 dxc4 10. Qa6 Bc6 11. Ne5 Qxd4 12. Qxc4 O-O-O 13. Qxd4 Rxd4 14.
Bxf6 gxf6 15. Nxc6 Bxc3+ 16. bxc3 Rc4 17. Nxa7+ 1-0

[Event "Znojemska rotunda 2004"]
[Site "?"]
[Date "????.??.??"]
[Round "7"]
[White "Jadud, Otto"]
[Black "Vlk, Miroslav"]
[Result "0-1"]
[WhiteElo "1974"]
[BlackElo "2078"]
[PlyCount "130"]

1. e4 e6 2. Nf3 d5 3. e5 c5 4. b4 cxb4 5. a3 bxa3 6. Bxa3 Bxa3 7. Nxa3 Ne7 8.
Nb5 O-O 9. Rxa7 Rxa7 10. Nxa7 Bd7 11. Nb5 Bxb5 12. Bxb5 Nbc6 13. O-O h6 14. d4
Qa5 15. Be2 Rc8 16. Qb1 Nb4 17. Rc1 Rc3 18. Qb2 Ra3 19. Rb1 Nec6 20. Bd1 Ra2
21. Qc1 b6 22. g4 Ra3 23. Kg2 Na2 24. Qf4 Nc3 25. Rc1 Ra1 26. g5 h5 27. g6 fxg6
28. Ng5 Nd8 29. Rxa1 Qxa1 30. Bf3 Qe1 31. Qe3 Qxe3 32. fxe3 Kf8 33. Kf2 Ke7 34.
Ke1 Nb5 35. Kd2 Na3 36. Be2 b5 37. Bd3 Nf7 38. Nxf7 Kxf7 39. h4 Nc4+ 40. Ke2 g5
41. hxg5 b4 42. g6+ Ke7 43. e4 Nb6 44. Ke3 Kd7 45. Bb5+ Kc7 46. Kf4 dxe4 47.
Kxe4 Nd5 48. Bf1 Ne7 49. Bh3 Kd7 50. Kf4 Nxg6+ 51. Kg5 Ne7 52. Kxh5 Nc6 53. d5
Nxe5 54. dxe6+ Ke7 55. Kg5 Nf3+ 56. Kg6 Nd4 57. Kxg7 Nxe6+ 58. Kh6 Kf6 59. Bf1
Ke5 60. Bc4 Nd4 61. Bd3 Kf4 62. Kg6 Ke3 63. Kf6 Kd2 64. Ke5 Kc3 65. Kd5 Nxc2
0-1

[Event "Znojemska rotunda 2004"]
[Site "?"]
[Date "????.??.??"]
[Round "7"]
[White "Dvorak, Libor"]
[Black "Mlensky, Dalibor"]
[Result "1-0"]
[WhiteElo "2026"]
[BlackElo "2094"]
[PlyCount "101"]

1. Nf3 g6 2. g3 Bg7 3. Bg2 d6 4. d4 e5 5. dxe5 dxe5 6. Qxd8+ Kxd8 7. Nc3 c6 8.
Ng5 Nh6 9. Be3 Na6 10. O-O-O+ Kc7 11. Nge4 Nf5 12. Bg5 h6 13. Bf6 Bxf6 14. Nxf6
Be6 15. a3 h5 16. h4 Rad8 17. e3 Rxd1+ 18. Rxd1 Rd8 19. Nce4 Rxd1+ 20. Kxd1 Nd6
21. Bf1 Nxe4 22. Nxe4 Nb8 23. f4 Nd7 24. Ng5 Kd6 25. Kd2 f6 26. Ne4+ Ke7 27. b4
b6 28. Nc3 f5 29. Ba6 exf4 30. exf4 Nf6 31. a4 Kd6 32. Ke3 Bd5 33. a5 Be4 34.
Kd2 b5 35. Bxb5 cxb5 36. Nxb5+ Kc6 37. Nxa7+ Kb7 38. Nb5 Kc6 39. Na7+ Kb7 40.
Nb5 Kc6 41. c4 Bg2 42. Nd4+ Kd6 43. a6 Kc7 44. c5 Bd5 45. Kd3 Ne4 46. Nb5+ Kc6
47. Na7+ Kc7 48. Kd4 Ba8 49. b5 Nxg3 50. b6+ Kb8 51. c6 1-0

[Event "Znojemska rotunda 2004"]
[Site "?"]
[Date "????.??.??"]
[Round "7"]
[White "Blazek, Milos"]
[Black "Vavrousek, Petr"]
[Result "1-0"]
[WhiteElo "2110"]
[BlackElo "1948"]
[PlyCount "95"]

1. e4 c5 2. Nf3 Nc6 3. d4 cxd4 4. Nxd4 g6 5. Nc3 Bg7 6. Be3 Nf6 7. Bc4 O-O 8.
f3 Qb6 9. Qd2 Nxe4 10. fxe4 Bxd4 11. Bxd4 Qxd4 12. Qxd4 Nxd4 13. O-O-O Nc6 14.
Nd5 Rb8 15. Bb5 Re8 16. Nc7 Rd8 17. Rhf1 Ne5 18. Ba4 d6 19. Bb3 Bd7 20. Nd5 Re8
21. h3 Bb5 22. Rf4 Rbc8 23. Ne3 Bc4 24. Nxc4 Nxc4 25. h4 Ne5 26. h5 g5 27. Rf2
Kg7 28. Rd5 Rc7 29. g4 e6 30. Rxd6 Nxg4 31. Rg2 Ne5 32. Rxg5+ Kf6 33. Rg2 Rec8
34. Rdd2 Rc5 35. h6 Ng6 36. Rd7 R8c7 37. Rf2+ Ke5 38. Rfxf7 Rxd7 39. Rxd7 Kxe4
40. Rxh7 Rh5 41. Bxe6 Nf4 42. Bg4 Rh4 43. Re7+ Kd4 44. c3+ Kc5 45. h7 Ng6 46.
Rg7 Ne5 47. Rg5 Kd6 48. Rh5 1-0

[Event "Znojemska rotunda 2004"]
[Site "?"]
[Date "????.??.??"]
[Round "7"]
[White "Skaroupka, Jiri"]
[Black "Dobes, Oldrich"]
[Result "1/2-1/2"]
[WhiteElo "2028"]
[BlackElo "2007"]
[PlyCount "72"]

1. d4 Nf6 2. c4 e6 3. Nc3 Bb4 4. e3 O-O 5. Bd3 d6 6. Nge2 b6 7. O-O Bxc3 8.
Nxc3 Bb7 9. e4 Nc6 10. Be3 e5 11. d5 Ne7 12. g3 Bc8 13. b4 Ng4 14. Bd2 a5 15.
bxa5 Rxa5 16. a4 Ra8 17. Nb5 f5 18. exf5 Nf6 19. g4 e4 20. Be2 h5 21. h3 Nxf5
22. gxf5 Bxf5 23. Kh2 Ng4+ 24. hxg4 Qh4+ 25. Kg2 Bxg4 26. Bxg4 hxg4 27. Ra3 Rf3
28. Qc1 Raf8 29. Kg1 g3 30. fxg3 Rxf1+ 31. Qxf1 Rxf1+ 32. Kxf1 Qh1+ 33. Kf2
Qh2+ 34. Ke1 Qg1+ 35. Ke2 Qg2+ 36. Ke1 Qg1+ 1/2-1/2